[Event "Olimpiada de Khanty-Mansiysk 2010"]
[Site "Khanty-Mansiysk RUS"]
[Date "2010.09.24"]
[Round "4"]
[White "Harper, Ryan"]
[Black "Denny, Kevin"]
[Result "1/2-1/2"]
[WhiteElo "2233"]
[BlackElo "2316"]
[PlyCount "96"]
[EventDate "2010.09.21"]
[EventType "team"]
[EventRounds "11"]
[EventCountry "RUS"]
[Source "lmi"]
[SourceDate "2010.09.21"]
[WhiteTeam "Trinidad y Tobago"]
[BlackTeam "Barbados"]
[WhiteTeamCountry "TRI"]
[BlackTeamCountry "BAR"]

1. e4 e5 2. Nf3 Nc6 3. Bc4 Nf6 4. d3 Be7 5. c3 O-O 6. Bb3 d6 7. h3 Na5 8. Bc2
c5 9. Nbd2 Nc6 10. Nf1 d5 11. Qe2 b5 12. g4 d4 13. Ng3 Be6 14. Nf5 Nd7 15. h4
c4 16. cxd4 Nxd4 17. N3xd4 exd4 18. Bd2 Ne5 19. f4 cxd3 20. Bxd3 Bxf5 21. gxf5
Bxh4+ 22. Kf1 Nxd3 23. Qxd3 Be7 24. Ke2 Re8 25. Qh3 d3+ 26. Kf3 Bc5 27. Qxh7+
Kf8 28. Qh8+ Ke7 29. Qxg7 Qd4 30. Qxd4 Bxd4 31. Bb4+ Kf6 32. e5+ Kxf5 33. Rh6
Re6 34. Rh5+ Kg6 35. Rg5+ Kh7 36. Rh1+ Rh6 37. Rxh6+ Kxh6 38. Ke4 Rd8 39. Rg2
Bb6 40. Bd6 Bc5 41. Rh2+ Kg7 42. Rg2+ Kh6 43. Rh2+ Kg7 44. Bxc5 d2 45. Rg2+ Kh7
46. Rh2+ Kg8 47. Rg2+ Kh7 48. Rh2+ Kg8 1/2-1/2

[Event "Olimpiada de Khanty-Mansiysk 2010"]
[Site "Khanty-Mansiysk RUS"]
[Date "2010.09.24"]
[Round "4"]
[White "Farley, Terry"]
[Black "Joseph, Marcus"]
[Result "1/2-1/2"]
[WhiteElo "2231"]
[BlackElo "2146"]
[PlyCount "50"]
[EventDate "2010.09.21"]
[EventType "team"]
[EventRounds "11"]
[EventCountry "RUS"]
[Source "lmi"]
[SourceDate "2010.09.21"]
[WhiteTeam "Barbados"]
[BlackTeam "Trinidad y Tobago"]
[WhiteTeamCountry "BAR"]
[BlackTeamCountry "TRI"]

1. d4 e6 2. Nf3 Nf6 3. e3 d5 4. Bd3 b6 5. Nbd2 Bb7 6. O-O c5 7. b3 Bd6 8. Bb2
O-O 9. Ne5 Nc6 10. f4 Rc8 11. a3 Ne7 12. c4 Nf5 13. Qe2 Ne4 14. cxd5 Nxd2 15.
Qxd2 cxd4 16. e4 Ne3 17. Rfe1 Bxe5 18. fxe5 exd5 19. Bxd4 dxe4 20. Bxe4 Bxe4
21. Qxe3 Bd5 22. e6 fxe6 23. Qg3 Rf7 24. Rac1 h6 25. Be5 Rxc1 1/2-1/2

[Event "Olimpiada de Khanty-Mansiysk 2010"]
[Site "Khanty-Mansiysk RUS"]
[Date "2010.09.24"]
[Round "4"]
[White "Cabralis, Keron"]
[Black "Warner, Delisle"]
[Result "1/2-1/2"]
[WhiteElo "2169"]
[BlackElo "2240"]
[PlyCount "141"]
[EventDate "2010.09.21"]
[EventType "team"]
[EventRounds "11"]
[EventCountry "RUS"]
[Source "lmi"]
[SourceDate "2010.09.21"]
[WhiteTeam "Trinidad y Tobago"]
[BlackTeam "Barbados"]
[WhiteTeamCountry "TRI"]
[BlackTeamCountry "BAR"]

1. e4 e6 2. d4 d5 3. exd5 exd5 4. c4 Nf6 5. Nc3 Bb4 6. Bd3 dxc4 7. Bxc4 O-O 8.
Nge2 c6 9. O-O Bd6 10. Ng3 Bg4 11. Qd3 Re8 12. Bg5 Be6 13. d5 cxd5 14. Bxd5
Bxd5 15. Nxd5 Bxg3 16. Qxg3 Qxd5 17. Bxf6 g6 18. Rfd1 Qe6 19. Bc3 Nc6 20. Rd6
Qf5 21. Rad1 Re7 22. Qh4 Rae8 23. g4 Qf3 24. R6d3 Qf4 25. Rh3 f5 26. gxf5 Qxf5
27. Rdd3 Ne5 28. Bxe5 Qxe5 29. Rhe3 Qc7 30. Rc3 Qd8 31. Qc4+ Kg7 32. Rcd3 Qb6
33. Rd7 Rxd7 34. Rxe8 Qf6 35. Rg8+ Kh6 36. Qg4 Qg5 37. Qxg5+ Kxg5 38. Rc8 Rd2
39. Rc5+ Kf6 40. Rb5 b6 41. a4 Rd4 42. a5 Rg4+ 43. Kf1 Rg5 44. Rxg5 Kxg5 45.
axb6 axb6 46. Ke2 Kf4 47. Kd3 Kf3 48. Kc4 Kxf2 49. Kb5 Kg2 50. h4 Kh3 51. Kxb6
Kxh4 52. Kc6 g5 53. b4 g4 54. b5 g3 55. b6 g2 56. b7 g1=Q 57. b8=Q Qg6+ 58. Kd5
Qf5+ 59. Kd4 h5 60. Ke3 Kh3 61. Qf4 Qe6+ 62. Kf2 Qa2+ 63. Ke1 Qg2 64. Qf5+ Qg4
65. Qf1+ Kh2 66. Qf2+ Kh1 67. Qf1+ Qg1 68. Ke2 Kh2 69. Qxg1+ Kxg1 70. Kf3 Kh2
71. Kf2 1/2-1/2

[Event "Olimpiada de Khanty-Mansiysk 2010"]
[Site "Khanty-Mansiysk RUS"]
[Date "2010.09.24"]
[Round "4"]
[White "Del Castilho, Martyn"]
[Black "Yee, Frank"]
[Result "1/2-1/2"]
[WhiteElo "2218"]
[BlackElo "2106"]
[PlyCount "92"]
[EventDate "2010.09.21"]
[EventType "team"]
[EventRounds "11"]
[EventCountry "RUS"]
[Source "lmi"]
[SourceDate "2010.09.21"]
[WhiteTeam "Barbados"]
[BlackTeam "Trinidad y Tobago"]
[WhiteTeamCountry "BAR"]
[BlackTeamCountry "TRI"]

1. d4 Nf6 2. c4 e6 3. Nc3 Bb4 4. f3 c5 5. d5 d6 6. e4 e5 7. Bd3 h6 8. Nge2 Nbd7
9. Be3 a6 10. O-O Bxc3 11. Nxc3 g5 12. Kh1 Nf8 13. a3 Ng6 14. b4 b6 15. g3 O-O
16. Qd2 Nh5 17. Qe2 Qd7 18. Rg1 Ng7 19. Rab1 Qc7 20. Rb2 f5 21. exf5 Bxf5 22.
Ne4 Bxe4 23. Bxe4 Nf5 24. bxc5 bxc5 25. Rgb1 Ra7 26. Rb6 Nge7 27. Bd2 Nd4 28.
Qd1 Nc8 29. R6b2 Qf7 30. Kg2 Qg7 31. Be3 Raf7 32. Bxd4 cxd4 33. h3 h5 34. Qe1
g4 35. fxg4 hxg4 36. h4 Ne7 37. Qc1 Nf5 38. Qg5 Ne3+ 39. Kg1 Qxg5 40. hxg5 Rf1+
41. Rxf1 Rxf1+ 42. Kh2 Rc1 43. Rb8+ Kg7 44. Rb7+ Kg8 45. Rb8+ Kg7 46. Rb7+ Kg8
1/2-1/2

[Event "Olimpiada de Khanty-Mansiysk 2010"]
[Site "Khanty-Mansiysk RUS"]
[Date "2010.09.24"]
[Round "4"]
[White "Tsang, Hon Ki"]
[Black "Gilruth, Peter"]
[Result "1/2-1/2"]
[WhiteElo "2085"]
[BlackElo "2202"]
[PlyCount "104"]
[EventDate "2010.09.21"]
[EventType "team"]
[EventRounds "11"]
[EventCountry "RUS"]
[Source "lmi"]
[SourceDate "2010.09.21"]
[WhiteTeam "Hong Kong"]
[BlackTeam "Kenia"]
[WhiteTeamCountry "HKG"]
[BlackTeamCountry "KEN"]

1. e4 c5 2. Nf3 Nc6 3. d3 g6 4. g3 Bg7 5. Bg2 e6 6. O-O Nge7 7. Nc3 O-O 8. Be3
Nd4 9. Qd2 b6 10. Bh6 Bb7 11. Nxd4 cxd4 12. Bxg7 Kxg7 13. Nb5 e5 14. Nd6 Qc7
15. Nxb7 Qxb7 16. f4 Qc7 17. c3 Qc5 18. Kh1 Rac8 19. Rac1 f6 20. cxd4 Qxd4 21.
Rxc8 Rxc8 22. fxe5 fxe5 23. h4 Rf8 24. Qg5 Rxf1+ 25. Bxf1 Ng8 26. Qd8 a5 27.
Bh3 Qxd3 28. Qxd7+ Qxd7 29. Bxd7 Nf6 30. Bc6 Kf7 31. Kg2 Ke7 32. Kf3 Kd6 33.
Ba4 Kc5 34. Ke3 b5 35. Bd1 b4 36. g4 h6 37. Be2 a4 38. a3 g5 39. h5 Ne8 40. Bd1
b3 41. Be2 Nd6 42. Kd3 Nb5 43. Bd1 Nd4 44. Kc3 Ne6 45. Be2 Nf4 46. Bc4 Nh3 47.
Be2 Nf2 48. Bf3 Kb5 49. Be2+ Ka5 50. Kc4 Nxe4 51. Kd5 Ng3 52. Bd3 Kb6 1/2-1/2

[Event "Olimpiada de Khanty-Mansiysk 2010"]
[Site "Khanty-Mansiysk RUS"]
[Date "2010.09.24"]
[Round "4"]
[White "Mukabi, John"]
[Black "Borigas, Edgardo"]
[Result "0-1"]
[WhiteElo "2074"]
[BlackElo "2005"]
[PlyCount "110"]
[EventDate "2010.09.21"]
[EventType "team"]
[EventRounds "11"]
[EventCountry "RUS"]
[Source "lmi"]
[SourceDate "2010.09.21"]
[WhiteTeam "Kenia"]
[BlackTeam "Hong Kong"]
[WhiteTeamCountry "KEN"]
[BlackTeamCountry "HKG"]

1. d4 d5 2. c4 Nf6 3. Nc3 c6 4. Nf3 Bf5 5. e3 e6 6. Bd3 Bxd3 7. Qxd3 Bb4 8. Bd2
O-O 9. O-O Nbd7 10. Nxd5 exd5 11. Bxb4 Re8 12. Rac1 Nb6 13. cxd5 Nbxd5 14. Ba3
Rc8 15. Ne5 Nb6 16. Qb3 Re6 17. Rfd1 Qc7 18. f3 Nfd5 19. e4 Nf4 20. Rc2 Rd8 21.
Ng4 h5 22. Ne3 Rg6 23. Nf5 Kh7 24. Bb4 Nc8 25. Be1 Qd7 26. Bg3 Ne6 27. d5 b6
28. Rcc1 cxd5 29. Rxd5 Qe8 30. Qd3 Rxd5 31. exd5 Nc5 32. Rxc5 bxc5 33. Nh4 c4
34. Qc2 Qe3+ 35. Bf2 Qd3 36. Qc1 Rd6 37. h3 Rxd5 38. Qf4 Nd6 39. Bxa7 g5 40.
Qf6 gxh4 41. Qxh4 Qb1+ 42. Kh2 Qxb2 43. Be3 Qe5+ 44. Bf4 Qe6 45. Qf2 Qf5 46.
Qe3 Rd3 47. Qc1 Qd5 48. a4 Nf5 49. Qc2 Qd4 50. Bc1 Qd6+ 51. f4 Qd5 52. a5 Qe4
53. Qa2 Ne3 54. a6 Qxf4+ 55. g3 Nf1+ 0-1

[Event "Olimpiada de Khanty-Mansiysk 2010"]
[Site "Khanty-Mansiysk RUS"]
[Date "2010.09.24"]
[Round "4"]
[White "Galego, Luis"]
[Black "Solomon, Kenny"]
[Result "1/2-1/2"]
[WhiteElo "2500"]
[BlackElo "2394"]
[PlyCount "79"]
[EventDate "2010.09.21"]
[EventType "team"]
[EventRounds "11"]
[EventCountry "RUS"]
[Source "lmi"]
[SourceDate "2010.09.21"]
[WhiteTeam "Portugal"]
[BlackTeam "Sudáfrica"]
[WhiteTeamCountry "POR"]
[BlackTeamCountry "RSA"]

1. e4 e5 2. Bc4 Nf6 3. d3 Bc5 4. Nf3 Nc6 5. O-O a6 6. c3 Ba7 7. d4 d6 8. dxe5
dxe5 9. Qe2 Qe7 10. Na3 Be6 11. Nc2 O-O 12. Bg5 h6 13. Bh4 Bxc4 14. Qxc4 g5 15.
Bg3 Rad8 16. Rfd1 Rxd1+ 17. Rxd1 Rd8 18. Rxd8+ Qxd8 19. Qe2 Qd6 20. Nd2 Qe6 21.
b3 b5 22. h4 Qg4 23. Qxg4 Nxg4 24. Kf1 Nf6 25. hxg5 hxg5 26. Ke2 Nh5 27. Bh2 f6
28. Nf1 Nf4+ 29. Bxf4 exf4 30. Nd2 Bc5 31. Nf3 Kf7 32. Nfd4 Ne5 33. f3 Bf8 34.
b4 c5 35. bxc5 Bxc5 36. Nb3 Bf8 37. Nb4 Bxb4 38. cxb4 Nc6 39. a3 Kg6 40. Kf2
1/2-1/2

[Event "Olimpiada de Khanty-Mansiysk 2010"]
[Site "Khanty-Mansiysk RUS"]
[Date "2010.09.24"]
[Round "4"]
[White "Kobese, Watu"]
[Black "Fernando, Diogo"]
[Result "0-1"]
[WhiteElo "2370"]
[BlackElo "2475"]
[PlyCount "110"]
[EventDate "2010.09.21"]
[EventType "team"]
[EventRounds "11"]
[EventCountry "RUS"]
[Source "lmi"]
[SourceDate "2010.09.21"]
[WhiteTeam "Sudáfrica"]
[BlackTeam "Portugal"]
[WhiteTeamCountry "RSA"]
[BlackTeamCountry "POR"]

1. e4 c5 2. Nf3 d6 3. d4 cxd4 4. Nxd4 Nf6 5. Nc3 Nc6 6. Bc4 e6 7. Be3 a6 8. Bb3
Be7 9. Qe2 O-O 10. O-O-O Qc7 11. Rhg1 Nd7 12. g4 Nc5 13. Nf5 b5 14. Qd2 b4 15.
Nxe7+ Nxe7 16. Na4 Nxe4 17. Qxb4 d5 18. Bb6 Qf4+ 19. Be3 Qc7 20. f3 Rb8 21. Qa3
Nd6 22. Bf4 Rd8 23. Qc5 Qxc5 24. Nxc5 Nc6 25. Rge1 Rb5 26. Nd3 Nd4 27. Ba4 Ra5
28. b3 Rxa4 29. bxa4 Nc4 30. Ne5 Nxe5 31. Rxe5 f6 32. Re3 e5 33. Bg3 Kf7 34. h3
Bd7 35. c3 Rc8 36. Kd2 Ne6 37. a5 Ba4 38. Rc1 Rc5 39. Ke1 Rxa5 40. c4 Rc5 41.
Ra3 Bc6 42. cxd5 Rxc1+ 43. Kd2 Rg1 44. dxe6+ Kxe6 45. f4 Rg2+ 46. Ke1 e4 47.
Bf2 Bb5 48. Rg3 Rh2 49. g5 Kf5 50. a4 Bd3 51. gxf6 gxf6 52. a5 Kxf4 53. Rg4+
Kf5 54. Rg3 h5 55. Re3 Rh1+ 0-1

[Event "Olimpiada de Khanty-Mansiysk 2010"]
[Site "Khanty-Mansiysk RUS"]
[Date "2010.09.24"]
[Round "4"]
[White "Pereira, Ruben"]
[Black "Steel, Henry Robert"]
[Result "1/2-1/2"]
[WhiteElo "2423"]
[BlackElo "2300"]
[PlyCount "64"]
[EventDate "2010.09.21"]
[EventType "team"]
[EventRounds "11"]
[EventCountry "RUS"]
[Source "lmi"]
[SourceDate "2010.09.21"]
[WhiteTeam "Portugal"]
[BlackTeam "Sudáfrica"]
[WhiteTeamCountry "POR"]
[BlackTeamCountry "RSA"]

1. e4 c5 2. Nc3 a6 3. Nf3 e6 4. g3 Nc6 5. d4 cxd4 6. Nxd4 Qc7 7. Bg2 d6 8. O-O
Bd7 9. Re1 Be7 10. Nxc6 Bxc6 11. Qd4 Nf6 12. Nd5 Bxd5 13. exd5 e5 14. Qb4 O-O
15. Bd2 Rab8 16. Bc3 Nd7 17. a4 f5 18. a5 Bf6 19. Qa3 e4 20. Bb4 Be5 21. Rac1
Rf6 22. Red1 h5 23. c4 h4 24. c5 dxc5 25. Bxc5 Nxc5 26. Qxc5 Qxc5 27. Rxc5 hxg3
28. hxg3 b6 29. Rc6 bxa5 30. d6 Rd8 31. Rxa6 Rfxd6 32. Rdxd6 Rxd6 1/2-1/2

[Event "Olimpiada de Khanty-Mansiysk 2010"]
[Site "Khanty-Mansiysk RUS"]
[Date "2010.09.24"]
[Round "4"]
[White "Van den Heever, Donovan"]
[Black "Rocha, Sergio"]
[Result "1-0"]
[WhiteElo "2285"]
[BlackElo "2438"]
[PlyCount "81"]
[EventDate "2010.09.21"]
[EventType "team"]
[EventRounds "11"]
[EventCountry "RUS"]
[Source "lmi"]
[SourceDate "2010.09.21"]
[WhiteTeam "Sudáfrica"]
[BlackTeam "Portugal"]
[WhiteTeamCountry "RSA"]
[BlackTeamCountry "POR"]

1. e4 c5 2. Nf3 Nc6 3. d4 cxd4 4. Nxd4 Qb6 5. Nb3 Nf6 6. Nc3 e6 7. Bd3 a6 8.
Qe2 d6 9. Be3 Qc7 10. O-O-O b5 11. f4 Be7 12. g4 b4 13. Na4 Nd7 14. g5 Bb7 15.
Kb1 Na5 16. Nxa5 Qxa5 17. b3 Bc6 18. Nb2 Qc7 19. Rhf1 Qb7 20. f5 e5 21. f6 gxf6
22. gxf6 Bf8 23. Nc4 a5 24. Bh6 Qc7 25. Qh5 Bxh6 26. Qxh6 Nc5 27. Qe3 Ne6 28.
Be2 Nd4 29. Rxd4 exd4 30. Qxd4 O-O-O 31. Rf5 Rhe8 32. Bd3 a4 33. bxa4 Re6 34.
Ra5 Kb8 35. Ra6 d5 36. Na5 dxe4 37. Qxb4+ Bb7 38. Rxe6 exd3 39. Rc6 dxc2+ 40.
Kc1 Qd7 41. Rd6 1-0

[Event "Olimpiada de Khanty-Mansiysk 2010"]
[Site "Khanty-Mansiysk RUS"]
[Date "2010.09.24"]
[Round "4"]
[White "Al Sulaiti, Ali"]
[Black "Shrestha, Bilam Lal"]
[Result "0-1"]
[WhiteElo "2134"]
[BlackElo "2096"]
[PlyCount "90"]
[EventDate "2010.09.21"]
[EventType "team"]
[EventRounds "11"]
[EventCountry "RUS"]
[Source "lmi"]
[SourceDate "2010.09.21"]
[WhiteTeam "BRN"]
[BlackTeam "Nepal"]
[BlackTeamCountry "NEP"]

1. d4 d6 2. e4 Nf6 3. Nc3 Nc6 4. d5 Ne5 5. f4 Ng6 6. Nf3 e6 7. dxe6 fxe6 8. Bc4
c6 9. O-O d5 10. exd5 exd5 11. Re1+ Be7 12. Bd3 Bg4 13. h3 Bxf3 14. Qxf3 Kf7
15. Be3 Bd6 16. g4 Rf8 17. g5 Nd7 18. Nxd5 Kg8 19. Qg4 Nc5 20. Bxg6 hxg6 21.
Nc3 Qc7 22. Rad1 Rae8 23. Kg2 Ne6 24. Ne2 Rf5 25. Nd4 Nxd4 26. Bxd4 Rxe1 27.
Rxe1 Qf7 28. Qe2 Rxf4 29. Qe8+ Qxe8 30. Rxe8+ Kf7 31. Be5 Kxe8 32. Bxd6 Rd4 33.
Be5 Rd2+ 34. Kf3 Rxc2 35. Bxg7 Kf7 36. Bc3 Ke6 37. a3 Kf5 38. Bf6 b5 39. Kg3 a5
40. Kf3 b4 41. axb4 axb4 42. Ke3 c5 43. Kd3 b3 44. h4 c4+ 45. Kd4 c3 0-1

[Event "Olimpiada de Khanty-Mansiysk 2010"]
[Site "Khanty-Mansiysk RUS"]
[Date "2010.09.24"]
[Round "4"]
[White "Ayyad, Maher"]
[Black "Shrestha, Keshav"]
[Result "1-0"]
[WhiteElo "2160"]
[BlackElo "2122"]
[PlyCount "117"]
[EventDate "2010.09.21"]
[EventType "team"]
[EventRounds "11"]
[EventCountry "RUS"]
[Source "lmi"]
[SourceDate "2010.09.21"]
[WhiteTeam "BRN"]
[BlackTeam "Nepal"]
[BlackTeamCountry "NEP"]

1. d4 d5 2. Nf3 Nf6 3. Bf4 e6 4. e3 c5 5. Nbd2 Nc6 6. c3 Be7 7. Bd3 O-O 8. Bg3
Re8 9. Ne5 g6 10. f4 Nd7 11. O-O Bf8 12. Kh1 Qb6 13. Rb1 Bg7 14. Bf2 f6 15.
Nxd7 Bxd7 16. dxc5 Qxc5 17. e4 Qa5 18. Nb3 Qc7 19. exd5 exd5 20. Nc5 Rad8 21.
Nxd7 Qxd7 22. f5 g5 23. Qb3 Re5 24. Bg3 Re3 25. Rbd1 Qf7 26. Bf2 Re5 27. Rd2 g4
28. Bg3 Bh6 29. Rdd1 Re3 30. Rfe1 Rde8 31. Rxe3 Rxe3 32. Bb5 a6 33. Bxc6 bxc6
34. Qb8+ Qe8 35. Qxe8+ Rxe8 36. Rd4 Re4 37. Rxe4 dxe4 38. Kg1 Kf7 39. Kf1 Ke7
40. Ke2 Bg5 41. b4 h5 42. a4 Kd7 43. h3 gxh3 44. gxh3 Ke7 45. c4 Kd7 46. h4 Bh6
47. Bf2 Bf8 48. Be1 Bh6 49. Bc3 Ke7 50. b5 cxb5 51. cxb5 axb5 52. axb5 Kd6 53.
Bxf6 Kc5 54. Be7+ Kd5 55. b6 Bf4 56. f6 Ke6 57. Bd8 Kd7 58. f7 Bd6 59. b7 1-0

[Event "Olimpiada de Khanty-Mansiysk 2010"]
[Site "Khanty-Mansiysk RUS"]
[Date "2010.09.24"]
[Round "4"]
[White "Thapa, Uttam Raj"]
[Black "Ayyad, Husain"]
[Result "0-1"]
[WhiteElo "2029"]
[BlackElo "2165"]
[PlyCount "70"]
[EventDate "2010.09.21"]
[EventType "team"]
[EventRounds "11"]
[EventCountry "RUS"]
[Source "lmi"]
[SourceDate "2010.09.21"]
[WhiteTeam "Nepal"]
[BlackTeam "BRN"]
[WhiteTeamCountry "NEP"]

1. d4 Nf6 2. Nf3 e6 3. Bf4 d5 4. e3 Be7 5. Bd3 O-O 6. Nbd2 c5 7. c3 Nc6 8. O-O
Nh5 9. Bg3 Nxg3 10. fxg3 f5 11. Qc2 g6 12. Rf2 Bd7 13. Raf1 c4 14. Be2 b5 15.
h3 Bd6 16. Ne5 Nxe5 17. dxe5 Bxe5 18. g4 Qb6 19. Rf3 fxg4 20. hxg4 Rxf3 21.
Rxf3 Rf8 22. Nf1 Rb8 23. b4 a5 24. a3 axb4 25. axb4 Ra8 26. Kh1 Ra1 27. Bd1 Qd8
28. g3 Bc6 29. Kg2 Qa8 30. Nd2 Qa2 31. Nf1 Qxc2+ 32. Bxc2 Ra2 33. Rf2 d4+ 34.
Kg1 d3 35. Bd1 Ra1 0-1

[Event "Olimpiada de Khanty-Mansiysk 2010"]
[Site "Khanty-Mansiysk RUS"]
[Date "2010.09.24"]
[Round "4"]
[White "Hanoeman, Suradj"]
[Black "Kawuma, Steven Male"]
[Result "1/2-1/2"]
[WhiteElo "1992"]
[BlackElo "2203"]
[PlyCount "171"]
[EventDate "2010.09.21"]
[EventType "team"]
[EventRounds "11"]
[EventCountry "RUS"]
[Source "lmi"]
[SourceDate "2010.09.21"]
[WhiteTeam "Surinam"]
[BlackTeam "Uganda"]
[WhiteTeamCountry "SUR"]
[BlackTeamCountry "UGA"]

1. Nf3 Nf6 2. e3 c5 3. d4 g6 4. Be2 Bg7 5. O-O O-O 6. b3 cxd4 7. exd4 d5 8. Bb2
Nc6 9. Nbd2 Bf5 10. c4 Qd6 11. Ne5 Rfd8 12. g4 Be6 13. c5 Qc7 14. f4 Nxe5 15.
fxe5 Ne4 16. Bf3 Qd7 17. Nxe4 dxe4 18. Bxe4 Bxg4 19. Bf3 Be6 20. Qe2 Bd5 21. b4
f6 22. a3 fxe5 23. dxe5 Bxf3 24. Qxf3 Qd5 25. Qe3 Qe6 26. Rae1 Rd7 27. Re2 Rad8
28. Rf3 Rd1+ 29. Kf2 Qg4 30. Rg3 Qf5+ 31. Rf3 Qg4 32. Rg3 Qe6 33. Qb3 Rf8+ 34.
Kg2 Qxb3 35. Rxb3 e6 36. a4 Rd5 37. b5 Rb8 38. Rc2 Bxe5 39. Bxe5 Rxe5 40. c6
bxc6 41. bxc6 Rxb3 42. c7 Re2+ 43. Rxe2 Rc3 44. Rxe6 Rxc7 45. Ra6 Kg7 46. Kg3
Rf7 47. a5 Kh6 48. Rc6 Rb7 49. Kg4 Rb4+ 50. Kg3 Rb3+ 51. Kg4 Rb4+ 52. Kg3 Kg5
53. Rc5+ Kf6 54. Rc7 Rb3+ 55. Kg2 h5 56. Rxa7 Ra3 57. Ra8 Kg5 58. Rb8 Rxa5 59.
Rb2 Ra4 60. Rb3 Rg4+ 61. Kf3 Kh4 62. Kf2 g5 63. Kf1 Ra4 64. Kg2 Ra2+ 65. Kg1
Ra1+ 66. Kg2 Ra2+ 67. Kg1 g4 68. Rc3 Ra5 69. Kg2 Kg5 70. Rb3 h4 71. Rb8 Ra2+
72. Kg1 Ra4 73. Rf8 Rf4 74. Rg8+ Kf5 75. Re8 Re4 76. Rf8+ Kg5 77. h3 g3 78. Rf1
Re2 79. Ra1 Rh2 80. Ra5+ Kf6 81. Ra6+ Ke5 82. Ra5+ Kd6 83. Ra6+ Kc5 84. Ra8
Rxh3 85. Rc8+ Kd6 86. Rc2 1/2-1/2

[Event "Olimpiada de Khanty-Mansiysk 2010"]
[Site "Khanty-Mansiysk RUS"]
[Date "2010.09.24"]
[Round "4"]
[White "Bibasa, Bob"]
[Black "Veer, Willem"]
[Result "1-0"]
[WhiteElo "2189"]
[BlackElo "1957"]
[PlyCount "99"]
[EventDate "2010.09.21"]
[EventType "team"]
[EventRounds "11"]
[EventCountry "RUS"]
[Source "lmi"]
[SourceDate "2010.09.21"]
[WhiteTeam "Uganda"]
[BlackTeam "Surinam"]
[WhiteTeamCountry "UGA"]
[BlackTeamCountry "SUR"]

1. c4 e5 2. Nc3 Nc6 3. Nf3 d6 4. d4 exd4 5. Nxd4 Nge7 6. e4 Nxd4 7. Qxd4 Nc6 8.
Qd3 g6 9. h4 h5 10. Bg5 f6 11. Be3 Be6 12. f4 Qd7 13. Nd5 Bg7 14. Be2 f5 15.
Bf3 Bxd5 16. exd5 Na5 17. Bd4 b6 18. O-O O-O 19. Rae1 Rae8 20. b4 Nb7 21. Re6
Qf7 22. Rfe1 Nd8 23. R6e2 Rxe2 24. Rxe2 Re8 25. Bf2 Rxe2 26. Qxe2 Kf8 27. c5
Qe7 28. Qc4 bxc5 29. bxc5 Nb7 30. c6 Nc5 31. Qb5 a6 32. Qb8+ Kf7 33. Qc8 Bf6
34. g3 Nd3 35. Qxa6 Nxf2 36. Kxf2 Bd4+ 37. Kg2 Qe3 38. Qf1 Qd2+ 39. Kh3 Bf2 40.
a4 Bb6 41. Qb1 Qc3 42. Bxh5 gxh5 43. Qxf5+ Kg7 44. Qxh5 Qc4 45. Qg5+ Kf7 46.
Qf5+ Kg7 47. h5 Qf1+ 48. Kh4 Qh1+ 49. Kg5 Qe1 50. h6+ 1-0

[Event "Olimpiada de Khanty-Mansiysk 2010"]
[Site "Khanty-Mansiysk RUS"]
[Date "2010.09.24"]
[Round "4"]
[White "Ranaivoharisoa, Alain"]
[Black "Luther, Thomas"]
[Result "0-1"]
[WhiteElo "2153"]
[BlackElo "2545"]
[PlyCount "96"]
[EventDate "2010.09.21"]
[EventType "team"]
[EventRounds "11"]
[EventCountry "RUS"]
[Source "lmi"]
[SourceDate "2010.09.21"]
[WhiteTeam "Madagascar"]
[BlackTeam "IPC"]
[WhiteTeamCountry "MAD"]

1. e4 e6 2. d4 d5 3. Nd2 c5 4. exd5 Qxd5 5. Ngf3 cxd4 6. Bc4 Qd6 7. O-O Nf6 8.
Nb3 Nc6 9. Nbxd4 Nxd4 10. Qxd4 Qxd4 11. Nxd4 Bd7 12. Bf4 Rc8 13. Bb3 Bc5 14.
Rad1 O-O 15. Rfe1 Rfd8 16. h3 Kf8 17. Rd3 a5 18. a4 Be8 19. Red1 Ke7 20. Be5
Bb6 21. Kf1 g6 22. Nb5 Rxd3 23. Rxd3 Bxb5 24. axb5 Ne4 25. f3 Nc5 26. Bd6+ Ke8
27. Rc3 Kd7 28. Bxc5 Bxc5 29. Ke2 b6 30. Rd3+ Ke7 31. c3 g5 32. Rd1 h5 33. Bc2
f5 34. Bb3 Rg8 35. Rh1 Rg6 36. Ba2 Kf6 37. g4 Rh6 38. Re1 hxg4 39. hxg4 Rh2+
40. Kd3 e5 41. Bd5 Rxb2 42. Rh1 e4+ 43. fxe4 fxg4 44. Rf1+ Kg6 45. e5 g3 46.
Rf6+ Kh5 47. Bf7+ Kh4 48. Ke4 g2 0-1

[Event "Olimpiada de Khanty-Mansiysk 2010"]
[Site "Khanty-Mansiysk RUS"]
[Date "2010.09.24"]
[Round "4"]
[White "Colindres, Daniel"]
[Black "Antoniou, Antonis"]
[Result "0-1"]
[WhiteElo "2233"]
[BlackElo "2172"]
[PlyCount "108"]
[EventDate "2010.09.21"]
[EventType "team"]
[EventRounds "11"]
[EventCountry "RUS"]
[Source "lmi"]
[SourceDate "2010.09.21"]
[WhiteTeam "Honduras"]
[BlackTeam "Chipre"]
[WhiteTeamCountry "HON"]
[BlackTeamCountry "CYP"]

1. Nf3 d6 2. d4 Nc6 3. g3 e5 4. dxe5 Nxe5 5. Bg2 Nf6 6. c4 c6 7. Nbd2 Nxf3+ 8.
Nxf3 d5 9. O-O Be7 10. cxd5 Qxd5 11. Qa4 O-O 12. Rd1 Qh5 13. Bf4 Nd5 14. Rd2
Bh3 15. Bxh3 Qxh3 16. Be5 Qe6 17. Qb3 Nb6 18. Qxe6 fxe6 19. Rad1 Rad8 20. Bc7
Rxd2 21. Rxd2 Nd5 22. Be5 Bf6 23. e4 Nb6 24. b3 Rf7 25. Rd6 Re7 26. Rd8+ Kf7
27. Bd6 Re8 28. Rxe8 Kxe8 29. Bc7 Bd8 30. Bxd8 Kxd8 31. Ng5 Ke7 32. Nxh7 Kd6
33. Ng5 Nd7 34. Kf1 e5 35. Ke2 Kc5 36. Ne6+ Kb4 37. Nxg7 Ka3 38. Kd2 Kxa2 39.
Kc2 a5 40. h4 b5 41. h5 a4 42. bxa4 b4 43. h6 b3+ 44. Kd2 Nf8 45. Ne6 Nh7 46.
f4 b2 47. Ng5 Nf8 48. Ne6 Ng6 49. f5 Nh8 50. g4 b1=Q 51. a5 Qxe4 52. a6 Qxg4
53. a7 Qb4+ 54. Kd3 Qa3+ 0-1

[Event "Olimpiada de Khanty-Mansiysk 2010"]
[Site "Khanty-Mansiysk RUS"]
[Date "2010.09.24"]
[Round "4"]
[White "Papatryfonos, Constantino"]
[Black "Urbina, Ricardo"]
[Result "0-1"]
[WhiteElo "2133"]
[BlackElo "2226"]
[PlyCount "54"]
[EventDate "2010.09.21"]
[EventType "team"]
[EventRounds "11"]
[EventCountry "RUS"]
[Source "lmi"]
[SourceDate "2010.09.21"]
[WhiteTeam "Chipre"]
[BlackTeam "Honduras"]
[WhiteTeamCountry "CYP"]
[BlackTeamCountry "HON"]

1. d4 d5 2. Bf4 c6 3. Nd2 Nd7 4. Ngf3 Qb6 5. Rb1 Ngf6 6. e3 Nh5 7. Bg5 h6 8.
Bh4 g5 9. Bg3 Nxg3 10. hxg3 Bg7 11. Bd3 e5 12. Nxe5 Nxe5 13. dxe5 Bxe5 14. c3
Bg7 15. Nf3 Bg4 16. Qa4 Bd7 17. Qc2 O-O-O 18. Nd4 c5 19. Nf5 Bf8 20. g4 Qf6 21.
Kf1 h5 22. f3 c4 23. Be2 hxg4 24. Rxh8 Bxf5 25. Qa4 Qxh8 26. Rd1 Qh1+ 27. Kf2
g3+ 0-1

[Event "Olimpiada de Khanty-Mansiysk 2010"]
[Site "Khanty-Mansiysk RUS"]
[Date "2010.09.24"]
[Round "4"]
[White "Huguet, Sergio"]
[Black "Kassinopoullos, Polydoros"]
[Result "1/2-1/2"]
[WhiteElo "2142"]
[BlackElo "2110"]
[PlyCount "28"]
[EventDate "2010.09.21"]
[EventType "team"]
[EventRounds "11"]
[EventCountry "RUS"]
[Source "lmi"]
[SourceDate "2010.09.21"]
[WhiteTeam "Honduras"]
[BlackTeam "Chipre"]
[WhiteTeamCountry "HON"]
[BlackTeamCountry "CYP"]

1. e4 c5 2. c3 d5 3. exd5 Qxd5 4. d4 Nf6 5. Nf3 e6 6. Na3 Qd8 7. Bg5 cxd4 8.
Nxd4 a6 9. Qb3 Be7 10. Rd1 Nbd7 11. Be2 O-O 12. O-O Qa5 13. Bh4 Bxa3 14. bxa3
Nd5 1/2-1/2